000 01062 a2200253 4500
005 20080904130054.0
008 080904t xxu||||| |||| 00| 0 hin d
010 _aHIN-79026
020 _c250.00
_a8176210978
035 _aHN-51373
037 _bD.B.Act / pub
082 _a
100 _aप्रेमचंद
245 _aप्रेमाश्रम
_cप्रेमचंद
246 _aPremashram
_bby Premchand
260 _aदिल्ली
_bफुल सर्कल पब्लिशिंग
_c2001
270 _a18-19, दिलशाद गार्डन, जी.टी.रोड
_bदिल्ली
_e110095
300 _c22 सेमी (सजिल्द)
_a411पृ
490 _vभाग-2
650 _aउपन्यास
650 _aNovel
942 _adpl
_cHN
_kउ / प्रेमचं
_2ddc
_h
_m प्रेमचं
999 _c1136
_d1136